UITU Library & LRC     

Entrepreneurship Development Small Business Enterprises (Record no. 11302)

MARC details
000 -LEADER
fixed length control field 00488nam a2200181Ia 4500
008 - FIXED-LENGTH DATA ELEMENTS--GENERAL INFORMATION
fixed length control field 240925s9999 xx 000 0 und d
020 ## - INTERNATIONAL STANDARD BOOK NUMBER
International Standard Book Number 8177582607
082 ## - DEWEY DECIMAL CLASSIFICATION NUMBER
Classification number 658.022 CHA
100 ## - MAIN ENTRY--PERSONAL NAME
Personal name Charantimath ,Poornima M.
245 #0 - TITLE STATEMENT
Title Entrepreneurship Development Small Business Enterprises
250 ## - EDITION STATEMENT
Edition statement NA
260 ## - PUBLICATION, DISTRIBUTION, ETC.
Place of publication, distribution, etc. New Delhi:
Name of publisher, distributor, etc. Pearson Printice Hall
Date of publication, distribution, etc. ,2006.
300 ## - PHYSICAL DESCRIPTION
Extent xv,623p.
Other physical details N.A
Type of unit Photocopy
500 ## - GENERAL NOTE
General note NA
600 ## - SUBJECT ADDED ENTRY--PERSONAL NAME
Personal name Management
650 ## - SUBJECT ADDED ENTRY--TOPICAL TERM
Topical term or geographic name entry element Management
942 ## - ADDED ENTRY ELEMENTS (KOHA)
Koha item type Books
Holdings
Withdrawn status Lost status Damaged status Not for loan Collection Home library Current library Date acquired Source of acquisition Cost, normal purchase price Total checkouts Full call number Barcode Date last seen Price effective from Koha item type
        Managament Sciences UITU Library UITU Library 08/08/2011 Paramount Book Pvt Ltd 539.00   658.022 CHA Q8803 09/25/2024 09/25/2024 Books

Powered by Koha